00323 2200121 4500001002100000005001500021035002000036245007700056260003600133082000800169084001200177990001200189INLIS00000000000259320250605021349 a0010-0625000179 aEmpat Belas Tanaman Perkebunan Untuk Agro Industri /cSjamsoe'oed Sadjad aJakarta :bBalai Pustaka,c2004 a600 a600 EMP a0420782